[Event "Jakarta"]
[Site "Jakarta"]
[Date "1996.??.??"]
[Round "?"]
[White "Handoko, Edhi"]
[Black "Hickl, Joerg"]
[Result "0-1"]
[WhiteElo "2475"]
[BlackElo "2600"]
[Annotator "King,D"]
[PlyCount "140"]
[EventDate "1996.08.28"]
[EventType "tourn"]
[EventRounds "11"]
[EventCountry "INA"]
[EventCategory "10"]
[SourceTitle "CBM 057"]
[Source "ChessBase"]
[SourceDate "1997.04.01"]
[SourceVersion "1"]
[SourceVersionDate "1997.04.01"]
[SourceQuality "1"]

1. e4 d6 2. d4 g6 3. Nf3 Bg7 4. Nc3 Nf6 5. Be2 O-O 6. O-O c6 7. a4 Qc7 8. h3
Nbd7 9. Be3 b6 10. Qd2 Bb7 11. Rfe1 Rfe8 12. Bf1 Rad8 13. Rad1 a6 14. Bh6 {
The exchange of bishops doesn't effect Black very much here. Hickl packs his
kingside with knights so that White is denied any kind of attack.} b5 15. Bxg7
Kxg7 16. Qe3 e5 17. dxe5 dxe5 18. Nh4 h6 {Covering one of the dark-squares on
g5.} 19. Qg3 Nh5 20. Nf5+ Kh7 21. Qf3 Ndf6 22. Ne3 Kg7 {Black's king is
completely safe.} 23. Ne2 Qa5 24. c3 c5 25. Nd5 Nxd5 26. exd5 c4 27. Qe3 Bxd5
28. Qc5 Nf6 29. Ng3 Rc8 30. Qd6 Re6 31. Qa3 h5 32. Qa1 h4 33. Ne2 bxa4 34. Qc1
Qb6 35. Qc2 Rb8 36. Rd2 Qb3 37. Qc1 Ba8 38. f3 Qb6+ 39. Kh2 Rd6 40. Rxd6 Qxd6
41. Ng1 e4+ 42. f4 e3 43. Qxe3 Re8 44. Qf2 Rxe1 45. Qxe1 Qxf4+ 46. Kh1 Ne4 47.
Ne2 Qf2 48. Qd1 Nd2 49. Qxd2 Qxf1+ 50. Ng1 Qd3 51. Qe1 Qe4 52. Qd2 f6 53. Nf3
Qd3 54. Qxd3 cxd3 55. Nd2 Kh6 56. Kg1 Kg5 57. Kf2 Kf4 58. Nc4 Bd5 59. Ne3 Bb3
60. Nf1 g5 61. Nd2 Bd5 62. Nf1 Bb3 63. Nd2 a5 64. Nf1 f5 65. Nd2 g4 66. c4 Ba2
67. c5 Bd5 68. Nb1 g3+ 69. Kf1 Ke3 70. Nc3 Bc6 0-1

[Event "Toledo"]
[Site "Toledo"]
[Date "1991.??.??"]
[Round "9"]
[White "Martin Gonzalez, Angel"]
[Black "Azmaiparashvili, Zurab"]
[Result "0-1"]
[WhiteElo "2445"]
[BlackElo "2585"]
[Annotator "King,D"]
[PlyCount "132"]
[EventDate "1991.02.??"]
[EventType "tourn"]
[EventRounds "9"]
[EventCountry "ESP"]
[EventCategory "8"]
[SourceTitle "CBM 022"]
[Source "ChessBase"]
[SourceDate "1991.06.01"]
[SourceVersion "1"]
[SourceVersionDate "1991.06.01"]
[SourceQuality "1"]

1. e4 d6 2. d4 g6 3. Nc3 Bg7 4. Nf3 Nf6 5. Be2 O-O 6. O-O c6 7. h3 Nbd7 8. e5
Ne8 9. Bf4 dxe5 10. dxe5 Nc7 11. Qc1 (11. Re1 Ne6 12. Bg3 Qa5 13. Bf1 Nb6 14.
a3 Na4 $10 {Liberzon-Torre, 1977.}) 11... Ne6 12. Bh6 Qa5 13. Bxg7 Kxg7 14. Qe3
Qb6 $10 15. Qc1 Qc5 16. Ne4 Nd4 17. Nxc5 Nxe2+ 18. Kh2 Nxc1 19. Nxd7 Bxd7 20.
Raxc1 c5 21. Rfd1 Bc6 22. Rd3 Rfd8 23. Rcd1 Rxd3 24. Rxd3 f6 25. Kg3 Kf7 26.
exf6 exf6 27. Nd2 Re8 28. Nc4 Re2 29. Rd2 Rxd2 30. Nxd2 Ke6 31. h4 g5 32. hxg5
fxg5 33. Kg4 Kf6 34. g3 Kg6 35. Kh3 Kf5 36. c3 b6 37. a3 Bd5 38. Kh2 a5 39. Kh3
h6 40. Kh2 b5 41. Kg1 Ke5 42. Kh2 b4 43. Kh3 h5 44. Kh2 bxa3 45. bxa3 Kd6 46.
f4 gxf4 47. gxf4 c4 48. Nf1 Kc5 49. Ne3 Bf7 50. Nf5 Bg6 51. Nd4 Kd5 52. f5 Be8
53. Kg3 Ke5 54. Kh4 Kf6 55. Ne6 Bd7 56. Nd4 Bxf5 57. Kxh5 Bd7 58. Nf3 Kf5 59.
Nd2 Be6 60. Kh4 Kf4 61. Nxc4 Bxc4 62. Kh3 Ke3 63. Kg2 a4 64. Kg1 Kd2 65. Kf2
Kxc3 66. Ke1 Kc2 0-1

[Event "Terrassa"]
[Site "Terrassa"]
[Date "1990.??.??"]
[Round "3"]
[White "Illescas Cordoba, Miguel"]
[Black "Spraggett, Kevin"]
[Result "0-1"]
[WhiteElo "2530"]
[BlackElo "2555"]
[Annotator "King,D"]
[PlyCount "106"]
[EventDate "1990.04.??"]
[EventType "tourn"]
[EventRounds "11"]
[EventCountry "ESP"]
[EventCategory "11"]
[SourceTitle "CBM 019"]
[Source "ChessBase"]
[SourceDate "1990.12.01"]
[SourceVersion "1"]
[SourceVersionDate "1990.12.01"]
[SourceQuality "1"]

1. e4 d6 2. d4 g6 3. Nf3 Nf6 4. Nc3 Bg7 5. Be2 O-O 6. O-O c6 7. h3 Nbd7 8. a4
Qc7 9. Re1 e5 10. Bf1 b6 11. Be3 {Spraggett employs the same build up as in
his game with Campora (see earlier). It turns out very well here too.} Bb7 12.
dxe5 dxe5 13. Qd3 a6 14. Qc4 Rac8 15. Rad1 b5 16. Qb3 Rfe8 17. Ng5 Re7 18. g3
h6 19. Nf3 Ba8 20. Nh4 Kh7 21. Bg2 Rb8 22. axb5 cxb5 23. Nd5 Nxd5 24. exd5 Qd6
25. c3 Ree8 26. Qc2 Rbc8 27. Kh2 Nb6 28. f4 Nxd5 29. Bxd5 Bxd5 30. f5 e4 31.
fxg6+ fxg6 32. Bd4 Qe6 33. Bxg7 Kxg7 34. Rd4 Rcd8 35. Ng2 Bc6 36. Qd2 Qf6 37.
Ne3 Rxd4 38. Qxd4 Rd8 39. Qxf6+ Kxf6 40. Rd1 Rd3 41. Rxd3 exd3 42. Nf1 g5 43.
Nd2 a5 44. Kg1 Bd7 45. Kg2 Ke5 46. g4 Kf4 47. Kf2 Be6 48. Nf3 Bb3 49. Nd2 Bf7
50. Nb1 h5 51. gxh5 Bxh5 52. Nd2 Bf7 53. Nf3 Bb3 0-1

[Event "New York op"]
[Site "New York"]
[Date "1991.??.??"]
[Round "8"]
[White "Silman, Jeremy D"]
[Black "Gulko, Boris F"]
[Result "1/2-1/2"]
[WhiteElo "2380"]
[BlackElo "2575"]
[Annotator "King,D"]
[PlyCount "116"]
[EventDate "1991.03.??"]
[EventType "swiss"]
[EventRounds "9"]
[EventCountry "USA"]
[SourceTitle "CBM 023"]
[Source "ChessBase"]
[SourceDate "1991.08.01"]
[SourceVersion "1"]
[SourceVersionDate "1991.08.01"]
[SourceQuality "1"]

1. d4 d6 2. e4 Nf6 3. Nc3 g6 4. Nf3 Bg7 5. Be2 O-O 6. O-O c6 7. Re1 b5 8. e5
Ne8 9. Bf4 (9. exd6 Nxd6 10. Ne5 Nf5 11. Nxb5 Bb7 12. Na3 Nxd4 13. Bc4 $14 {
Tompa-Schöneberg, Leipzig 1977.}) 9... Nd7 (9... Na6 10. Qd2 Nac7 11. Rad1 Bf5
12. a3 a5 $13 {Andersson-Hort, Amsterdam 1979.}) 10. Qd2 (10. exd6 exd6 11. d5
b4 12. dxc6 $14 {Hort}) 10... Nb6 11. b3 Bf5 12. h3 b4 13. Nd1 Nd5 $132 14. Bh6
Nec7 15. Bxg7 Kxg7 16. c4 bxc3 17. Nxc3 Qd7 18. Rac1 f6 19. exd6 exd6 20. Bd3
Bxd3 21. Nxd5 Nxd5 22. Qxd3 Rfe8 23. Rxe8 Rxe8 24. Qa6 Rc8 25. Nd2 Nf4 26. Re1
d5 27. Nf3 Kf7 28. Qa5 Re8 29. Rxe8 Kxe8 30. Qb4 Qc7 31. h4 Ne6 32. g3 Ng7 33.
Kg2 Nf5 34. Qd2 h5 35. b4 Kf7 36. a4 Qe7 37. Qc3 Qe2 38. Nd2 a6 39. a5 Ke7 40.
Kg1 Kf7 41. Kg2 Kg7 42. Kg1 Qe1+ 43. Kg2 Qe2 44. Kg1 Kg8 45. Kg2 Kf7 46. Kg1
Qe1+ 47. Kg2 Qe2 48. Kg1 Ke7 49. Kg2 Kd6 50. Kg1 Kc7 51. Nf3 Qe4 52. Kf1 Kd7
53. Kg1 Nd6 54. Kg2 Nc4 55. Qc1 Ke6 56. Qh6 Qe2 57. Ng1 Qe4+ 58. Nf3 Qe2
1/2-1/2

[Event "New York op"]
[Site "New York"]
[Date "1991.??.??"]
[Round "8"]
[White "Wolff, Patrick G"]
[Black "Ehlvest, Jaan"]
[Result "1/2-1/2"]
[WhiteElo "2520"]
[BlackElo "2650"]
[Annotator "King,D"]
[PlyCount "89"]
[EventDate "1991.03.??"]
[EventType "swiss"]
[EventRounds "9"]
[EventCountry "USA"]
[SourceTitle "CBM 023"]
[Source "ChessBase"]
[SourceDate "1991.08.01"]
[SourceVersion "1"]
[SourceVersionDate "1991.08.01"]
[SourceQuality "1"]

1. e4 g6 2. d4 d6 3. Nf3 Nf6 4. Nc3 Bg7 5. Be2 O-O 6. O-O Bg4 7. Be3 Nc6 8. d5
Bxf3 9. Bxf3 Ne5 10. Be2 c6 11. a4 a5 12. Re1 {12.Re1 N} (12. f4 Ned7 13. Bf3
Nb6 14. Qe2 Nfd7 15. Kh1 Qc7 16. Rfd1 {Morovic-Seirawan, Novi Sad 1990. 16...
Rae8 = (Seirawan)} e5 17. f5 $1) 12... Qc7 13. Bd4 Ned7 14. Bf1 Rac8 15. Qd2
Ne8 16. Rad1 Bxd4 17. Qxd4 Nef6 18. Rd2 Rfd8 19. f4 Qb6 $11 20. Qxb6 Nxb6 21.
b3 Kf8 22. dxc6 bxc6 23. Red1 d5 24. Be2 e6 25. Bf3 Ke7 26. Kf2 h6 27. exd5
cxd5 28. Nb5 g5 29. g3 Rg8 30. f5 g4 31. Bg2 Nbd7 32. fxe6 fxe6 33. Re2 Rg5 34.
Rde1 Nc5 35. Kg1 Rb8 36. Re3 Rb6 37. Rc1 Ne8 38. Rd1 Nd6 39. Bxd5 Nxb5 40. axb5
Rxb5 41. Bg2 Rb4 42. Ra1 a4 43. bxa4 Rxa4 44. Rxa4 Nxa4 45. h3 1/2-1/2

[Event "Vienna op"]
[Site "Vienna"]
[Date "1990.??.??"]
[Round "6"]
[White "Gavrikov, Viktor"]
[Black "Ftacnik, Lubomir"]
[Result "1/2-1/2"]
[WhiteElo "2580"]
[BlackElo "2550"]
[Annotator "King,D"]
[PlyCount "51"]
[EventDate "1990.10.??"]
[EventType "swiss"]
[EventRounds "9"]
[EventCountry "AUT"]
[SourceTitle "CBM 021"]
[Source "ChessBase"]
[SourceDate "1991.04.01"]
[SourceVersion "1"]
[SourceVersionDate "1991.04.01"]
[SourceQuality "1"]

1. e4 d6 2. d4 Nf6 3. Nc3 g6 4. Be2 Bg7 5. Nf3 O-O 6. O-O Bg4 7. Be3 Nc6 8. d5
Bxf3 9. Bxf3 Ne5 10. Be2 c6 11. a4 Qa5 {Seirawan thinks that this move is a
mistake and prefers 11...a5. It does seem a little odd that a few moves later
the queen just retreats to c7.} 12. Ra3 Ned7 13. Qd2 Rfc8 14. Rb1 Qc7 15. a5 a6
16. Rd1 cxd5 17. exd5 Nc5 18. f3 Nfd7 19. b4 Nb3 20. Rxb3 Bxc3 21. Qc1 e5 22.
dxe6 fxe6 23. Rd3 Bg7 24. c4 b5 25. axb6 Nxb6 26. Rd1 1/2-1/2

[Event "OHRA-B"]
[Site "Amsterdam"]
[Date "1990.??.??"]
[Round "9"]
[White "Bertholee, Rob"]
[Black "Nijboer, Friso"]
[Result "1-0"]
[WhiteElo "2360"]
[BlackElo "2485"]
[Annotator "King,D"]
[PlyCount "71"]
[EventDate "1990.07.??"]
[EventType "swiss"]
[EventRounds "9"]
[EventCountry "NED"]
[SourceTitle "CBM 020"]
[Source "ChessBase"]
[SourceDate "1991.02.01"]
[SourceVersion "1"]
[SourceVersionDate "1991.02.01"]
[SourceQuality "1"]

1. Nc3 g6 2. d4 Bg7 3. e4 d6 4. Be2 Nf6 5. Nf3 O-O 6. O-O Nc6 7. d5 Nb8 8. h3 {
8.Re1 is more accurate.} c6 (8... e5 $5 9. dxe6 {9.Bg5!? King-McDonald,
British ch. 1989.} Bxe6 10. Nd4 Bd7 11. Re1 Re8 12. Bf1 Nc6 13. Nb3 a5 $132 {
Planinc-Marangunic 1977.}) 9. Re1 b5 $6 {9...b5?! N.  9...Nbd7; 9...Bd7.} 10.
dxc6 b4 11. Nd5 Nxc6 12. a3 $14 Bb7 13. axb4 Nxd5 14. Qxd5 e6 15. Qb3 Nd4 16.
Nxd4 Bxd4 17. c3 Bxf2+ 18. Kxf2 Qh4+ 19. Kf1 Bxe4 20. Qd1 f5 21. Bf3 g5 22. Be3
d5 23. Bxe4 fxe4+ 24. Kg1 Rf3 25. Qd2 Raf8 26. Rf1 g4 27. hxg4 Qxg4 28. Rf2 h5
29. Rxa7 h4 30. Bd4 Rxf2 31. Bxf2 h3 32. Bd4 e5 33. Bxe5 h2+ 34. Kxh2 Qh5+ 35.
Kg1 Qxe5 36. Qh6 1-0

[Event "Altensteig"]
[Site "Altensteig"]
[Date "1990.??.??"]
[Round "10"]
[White "Hickl, Joerg"]
[Black "Stangl, Markus"]
[Result "1/2-1/2"]
[WhiteElo "2480"]
[BlackElo "2435"]
[Annotator "King,D"]
[PlyCount "76"]
[EventDate "1990.07.??"]
[EventType "tourn"]
[EventRounds "11"]
[EventCountry "GER"]
[EventCategory "9"]
[SourceTitle "CBM 020"]
[Source "ChessBase"]
[SourceDate "1991.02.01"]
[SourceVersion "1"]
[SourceVersionDate "1991.02.01"]
[SourceQuality "1"]

1. e4 g6 2. d4 Bg7 3. Nf3 d6 4. Bc4 Nf6 5. Qe2 O-O 6. Nc3 {>= 6.0-0; 6.c3.} Bg4
$6 (6... c6 $10) 7. e5 dxe5 8. dxe5 Nfd7 9. e6 Ne5 10. exf7+ Kh8 11. Be3 Bxf3
12. gxf3 Nxc4 13. Qxc4 Nc6 14. h4 Ne5 15. Qe2 Qd7 16. h5 gxh5 17. f4 Ng4 18.
Rxh5 Nf6 19. Rd1 Qe6 20. Rh4 Rxf7 21. Qd3 c5 22. Kd2 Qd6 23. Kc1 Qxd3 24. Rxd3
b6 25. Nb5 e6 26. c4 Ne4 27. Kc2 Bf8 28. Rh5 a6 29. Nc3 Nd6 30. b3 Re8 31. a4
a5 32. Rd1 h6 33. Ne2 Kh7 34. Ng3 Kg6 35. Rdh1 Nf5 36. Nxf5 exf5 37. R5h3 Rd8
38. Rg1+ Kh7 1/2-1/2

[Event "Noviki-A"]
[Site "Budapest"]
[Date "1990.??.??"]
[Round "7"]
[White "Horvath, Jozsef"]
[Black "Lau, Ralf"]
[Result "1/2-1/2"]
[WhiteElo "2525"]
[BlackElo "2460"]
[Annotator "King,D"]
[PlyCount "41"]
[EventDate "1990.??.??"]
[EventType "tourn"]
[EventRounds "11"]
[EventCountry "HUN"]
[EventCategory "9"]
[SourceTitle "CBM 019"]
[Source "ChessBase"]
[SourceDate "1990.12.01"]
[SourceVersion "1"]
[SourceVersionDate "1990.12.01"]
[SourceQuality "1"]

1. d4 d6 2. e4 Nf6 3. Nc3 g6 4. Nf3 Bg7 5. Be2 O-O 6. O-O c6 7. h3 Qc7 8. Bf4
Nbd7 {8...Nh5 9.Be3 e5 is a sound alternative.} 9. e5 Ne8 10. exd6 exd6 11. Qd2
{This is not forceful enough to achieve any significant advantage.  11.d5!? .}
Ndf6 12. Bd3 Qd8 13. Ne4 Nxe4 14. Bxe4 Nc7 15. Bg5 Qd7 16. Bh6 Qe7 17. Rfe1
Bxh6 18. Qxh6 Qf6 19. c3 Bd7 20. Bc2 Ne6 21. Re4 1/2-1/2

[Event "Vienna op"]
[Site "Vienna"]
[Date "1990.??.??"]
[Round "6"]
[White "Polak, Tomas"]
[Black "Nijboer, Friso"]
[Result "0-1"]
[WhiteElo "2355"]
[BlackElo "2485"]
[Annotator "King,D"]
[PlyCount "74"]
[EventDate "1990.10.??"]
[EventType "swiss"]
[EventRounds "9"]
[EventCountry "AUT"]
[SourceTitle "CBM 021"]
[Source "ChessBase"]
[SourceDate "1991.04.01"]
[SourceVersion "1"]
[SourceVersionDate "1991.04.01"]
[SourceQuality "1"]

1. e4 g6 2. d4 Bg7 3. Nf3 d6 4. Nc3 Nf6 5. Be2 O-O 6. h3 c6 7. a4 d5 $5 8. e5
Ne4 9. O-O f6 $10 10. Be3 Nxc3 11. bxc3 fxe5 12. Nxe5 Nd7 13. Nxd7 Bxd7 14. f4
Qa5 15. Qd2 Rf7 16. Kh2 c5 17. dxc5 Qxc3 18. Qxc3 Bxc3 19. Rad1 e6 20. Bd4 Bxd4
21. Rxd4 Rc8 22. Rb1 Rxc5 23. Rxb7 Bc6 24. Rxf7 Kxf7 25. c4 Ke7 26. Kg3 Kd6 27.
Kf2 Ra5 28. cxd5 Rxd5 29. Ke3 Rxd4 30. Kxd4 Bxa4 31. Bd3 a5 32. g4 Bc6 33. h4
a4 34. h5 gxh5 35. gxh5 h6 36. f5 e5+ 37. Kc3 e4 0-1

[Event "Sydney"]
[Site "Sydney"]
[Date "1990.??.??"]
[Round "3"]
[White "Wong, Meng Kong"]
[Black "Azmaiparashvili, Zurab"]
[Result "0-1"]
[WhiteElo "2410"]
[BlackElo "2610"]
[Annotator "King,D"]
[PlyCount "76"]
[EventDate "1990.??.??"]
[EventType "tourn"]
[EventRounds "9"]
[EventCountry "AUS"]
[EventCategory "6"]
[SourceTitle "CBM 020"]
[Source "ChessBase"]
[SourceDate "1991.02.01"]
[SourceVersion "1"]
[SourceVersionDate "1991.02.01"]
[SourceQuality "1"]

1. e4 d6 2. d4 g6 3. Nc3 Bg7 4. Nf3 Nf6 5. Be2 O-O 6. O-O c6 7. a4 Nbd7 8. Re1
e5 9. Bf1 Re8 10. a5 Qc7 {11.a6 and d5 !?.} (10... exd4 11. Nxd4 Nc5 12. f3 d5
$10 {Filip-Bednarski, 1964.}) 11. dxe5 $10 dxe5 12. Nd2 Nc5 13. Bc4 Ne6 14. Ne2
Rd8 15. Ng3 Nf4 16. Qf3 h5 17. h3 Nh7 18. Ne2 Ng5 19. Qg3 Nge6 20. Nb3 Qe7 21.
c3 Bh6 22. h4 Nxe2+ 23. Bxe2 Nf4 24. Bf1 Be6 25. Nd4 exd4 26. Bxf4 Bxf4 27.
Qxf4 Rd7 28. Ra4 dxc3 29. bxc3 Rad8 30. g3 Qc5 31. Qf6 Rd6 32. Qf3 Bg4 33. Qe3
Qxe3 34. Rxe3 Rd1 35. Kg2 R8d2 36. Bc4 Rc1 37. Bb3 Rb2 38. Ba2 Rcc2 0-1

[Event "Marseille"]
[Site "Marseille"]
[Date "1990.??.??"]
[Round "3"]
[White "Koch, Jean Rene"]
[Black "Chernin, Alexander"]
[Result "1/2-1/2"]
[WhiteElo "2435"]
[BlackElo "2600"]
[Annotator "King,D"]
[PlyCount "47"]
[EventDate "1990.06.??"]
[EventType "tourn"]
[EventRounds "9"]
[EventCountry "FRA"]
[EventCategory "11"]
[SourceTitle "CBM 020"]
[Source "ChessBase"]
[SourceDate "1991.02.01"]
[SourceVersion "1"]
[SourceVersionDate "1991.02.01"]
[SourceQuality "1"]

1. e4 d6 2. d4 Nf6 3. Nc3 g6 4. Nf3 Bg7 5. Be2 O-O 6. O-O Nc6 7. d5 Nb8 8. Re1
Bg4 9. e5 $10 {9.e5 N =.} dxe5 10. Nxe5 Bxe2 11. Rxe2 Na6 12. Bg5 Nb4 13. Rd2
Qd6 14. Nc4 Qa6 15. Ne3 e6 16. dxe6 Qxe6 17. Qf3 Nc6 18. Rad1 Rfe8 19. Bxf6
Qxf6 20. Qxf6 Bxf6 21. Ncd5 Bd8 22. Kf1 Rc8 23. c3 Kf8 24. Re2 1/2-1/2

[Event "Groningen op"]
[Site "Groningen"]
[Date "1990.??.??"]
[Round "7"]
[White "Psakhis, Lev"]
[Black "Kochyev, Alexander"]
[Result "1-0"]
[WhiteElo "2575"]
[BlackElo "2510"]
[Annotator "King,D"]
[PlyCount "61"]
[EventDate "1990.??.??"]
[EventType "swiss"]
[EventRounds "9"]
[EventCountry "NED"]
[SourceTitle "CBM 022"]
[Source "ChessBase"]
[SourceDate "1991.06.01"]
[SourceVersion "1"]
[SourceVersionDate "1991.06.01"]
[SourceQuality "1"]

1. d4 d6 2. e4 g6 3. Nf3 Bg7 4. Be2 Nf6 5. Nc3 O-O 6. O-O c6 7. a4 a5 8. Be3
Ng4 9. Bg5 h6 10. Bh4 Qc7 (10... Na6 11. Re1 (11. Nd2 $1) 11... Nb4 12. Bc4 g5
13. Bg3 Nf6 14. Nd2 d5) 11. Nd2 $1 Nf6 12. f4 e6 13. Nc4 d5 14. e5 Ne8 15. Ne3
$16 Kh7 16. g4 f5 17. Kh1 b6 18. Rg1 Ba6 19. gxf5 exf5 20. Bf3 Qf7 21. Ne2 Nc7
22. Ng3 Nd7 23. Ngxf5 gxf5 24. Bh5 Qe6 25. Bg6+ Qxg6 26. Rxg6 Kxg6 27. Nxf5
Kxf5 28. Qh5+ Ke6 29. Qg4+ Kf7 30. Rg1 Ne8 31. e6+ 1-0

[Event "Hoogovens-B"]
[Site "Wijk aan Zee"]
[Date "1991.01.??"]
[Round "6"]
[White "Martens, Martin"]
[Black "Nijboer, Friso"]
[Result "0-1"]
[WhiteElo "2315"]
[BlackElo "2455"]
[Annotator "King,D"]
[PlyCount "90"]
[EventDate "1991.01.??"]
[EventType "tourn"]
[EventRounds "11"]
[EventCountry "NED"]
[EventCategory "9"]
[SourceTitle "CBM 022"]
[Source "ChessBase"]
[SourceDate "1991.06.01"]
[SourceVersion "1"]
[SourceVersionDate "1991.06.01"]
[SourceQuality "1"]

1. e4 g6 2. d4 Bg7 3. Nf3 d6 4. Nc3 Nf6 5. Be2 O-O 6. O-O a6 $5 7. a4 (7. Re1
b5 8. e5 Nfd7 9. e6 fxe6 10. Ng5 Nf6 11. Bf3 $16 {Holmov-Gipslis, 1963.}) 7...
Bg4 8. Be3 Nc6 9. d5 Na7 10. Nd2 Bd7 11. f3 $6 e5 12. dxe6 $2 (12. f4 $14)
12... fxe6 13. Nb3 Nc6 $132 14. Qd2 Qe7 15. Rad1 Kh8 16. Bg5 Qe8 17. Kh1 Ne5
18. a5 Nf7 19. Be3 Rd8 20. Qc1 Bc8 21. Bd4 Qe7 22. f4 e5 23. fxe5 Nxe5 24. Nd5
Nxd5 25. exd5 c5 26. dxc6 bxc6 27. Qd2 Rxf1+ 28. Rxf1 c5 29. Bg1 Bb7 30. Rd1
Rd7 31. Qe3 Qd8 32. c4 Bc6 33. Ra1 Qa8 34. Qh3 Rb7 35. Bf1 Qb8 36. Ra3 Rb4 37.
Qe6 Qf8 38. Be2 Qa8 39. Be3 Bxg2+ 40. Kg1 Bh1 41. Kf2 Bf3 42. Nd2 Rxb2 43. Bf1
Qf8 44. Ke1 Bg4 45. Qd5 Rc2 {(2.13/2.38)} 0-1

[Event "Kecskemet"]
[Site "Kecskemet"]
[Date "1990.??.??"]
[Round "4"]
[White "Groszpeter, Attila"]
[Black "Stangl, Markus"]
[Result "1-0"]
[WhiteElo "2545"]
[BlackElo "2405"]
[Annotator "King,D"]
[PlyCount "53"]
[EventDate "1990.06.??"]
[EventType "tourn"]
[EventRounds "13"]
[EventCountry "HUN"]
[EventCategory "8"]
[SourceTitle "CBM 020"]
[Source "ChessBase"]
[SourceDate "1991.02.01"]
[SourceVersion "1"]
[SourceVersionDate "1991.02.01"]
[SourceQuality "1"]

1. d4 g6 2. e4 d6 3. Nc3 c6 4. Be2 Bg7 5. Nf3 Nf6 6. O-O O-O 7. h3 Nbd7 8. e5
dxe5 {8...Ne8 keeps more options open.} 9. dxe5 Ne8 10. Re1 Nc7 11. Bf1 Ne6 12.
b3 Qa5 13. Bd2 Qc7 {White controls the play beautifully in this game.} 14. Qe2
b6 15. Rad1 Bb7 16. Bc1 $14 Rad8 17. Qe4 b5 18. Bb2 Qb8 19. Qe3 a6 20. h4 Rfe8
21. h5 Qa8 22. Ne4 c5 23. hxg6 hxg6 24. Nfg5 Nd4 25. e6 fxe6 26. Nxc5 Nxc5 27.
Bxd4 1-0

[Event "Sydney Cepacol"]
[Site "Sydney"]
[Date "1991.??.??"]
[Round "8"]
[White "Handoko, Edhi"]
[Black "Kanikevich, Alexander"]
[Result "1-0"]
[WhiteElo "2390"]
[BlackElo "2360"]
[Annotator "King,D"]
[PlyCount "63"]
[EventDate "1991.01.??"]
[EventType "tourn"]
[EventRounds "9"]
[EventCountry "AUS"]
[EventCategory "9"]
[SourceTitle "CBM 023"]
[Source "ChessBase"]
[SourceDate "1991.08.01"]
[SourceVersion "1"]
[SourceVersionDate "1991.08.01"]
[SourceQuality "1"]

1. e4 g6 2. d4 Bg7 3. Nf3 d6 4. Be2 Nf6 5. Nc3 O-O 6. O-O c6 7. a4 Bg4 $6 8.
Be3 e6 9. Qd2 Bxf3 10. Bxf3 $14 Na6 11. a5 d5 12. Rfd1 dxe4 13. Nxe4 Nxe4 14.
Bxe4 Qd7 15. Ra3 Nc7 16. Rb3 Nb5 17. c4 Nd6 18. Bd3 Rfe8 19. h3 Rad8 20. Bg5
Rc8 21. Qb4 Bf8 22. c5 Nb5 23. Bxb5 cxb5 24. Qxb5 Qd5 25. Be3 Red8 26. Qxb7
Rxc5 27. a6 Ra5 28. Rc3 e5 29. Bg5 Rd7 30. Qc8 exd4 31. Rc6 d3 32. Bf6 1-0

[Event "Biel-B"]
[Site "Biel"]
[Date "1990.??.??"]
[Round "10"]
[White "Campora, Daniel Hugo"]
[Black "Spraggett, Kevin"]
[Result "1/2-1/2"]
[WhiteElo "2510"]
[BlackElo "2540"]
[Annotator "King,D"]
[PlyCount "56"]
[EventDate "1990.07.??"]
[EventType "tourn"]
[EventRounds "11"]
[EventCountry "SUI"]
[EventCategory "10"]
[SourceTitle "CBM 019"]
[Source "ChessBase"]
[SourceDate "1990.12.01"]
[SourceVersion "1"]
[SourceVersionDate "1990.12.01"]
[SourceQuality "1"]

1. e4 g6 2. d4 Bg7 3. Nf3 d6 4. Be2 Nf6 5. Nc3 O-O 6. O-O c6 7. a4 Nbd7 8. h3
Qc7 9. Be3 b6 {9...b6!? . If black is playing for a win, then this is the way
to do it. There is no need to play a5.} 10. Nd2 {10.a5 b5! /\ b4.} e5 11. f4
exd4 12. Bxd4 Bb7 13. Bf2 Rfe8 14. Bf3 Nc5 15. Re1 Rad8 16. Qc1 h6 $15 17. Nb3
Nxb3 18. cxb3 c5 19. e5 dxe5 20. fxe5 Bxf3 21. exf6 Bxf6 22. gxf3 Bd4 23. Rxe8+
Rxe8 24. f4 Qd7 25. Qf1 Bxf2+ 26. Qxf2 Qxh3 27. Qg2 Qe3+ 28. Qf2 Qh3 1/2-1/2

[Event "Groningen op"]
[Site "Groningen"]
[Date "1990.??.??"]
[Round "3"]
[White "Visser, Yge"]
[Black "Moskalenko, Viktor"]
[Result "0-1"]
[WhiteElo "2340"]
[BlackElo "2515"]
[Annotator "King,D"]
[PlyCount "112"]
[EventDate "1990.??.??"]
[EventType "swiss"]
[EventRounds "9"]
[EventCountry "NED"]
[SourceTitle "CBM 022"]
[Source "ChessBase"]
[SourceDate "1991.06.01"]
[SourceVersion "1"]
[SourceVersionDate "1991.06.01"]
[SourceQuality "1"]

1. e4 g6 2. d4 Bg7 3. Nf3 d6 4. Nc3 Nf6 5. h3 O-O 6. Be3 b6 $1 {White's system
is effective against ...e5, but seems a little too rigid against other set-ups.
Black plays a beautiful game.} 7. a4 a6 8. Be2 e6 9. O-O Bb7 10. Nd2 Nc6 11.
Nb3 e5 12. d5 Ne7 13. a5 b5 14. Qd3 Nd7 15. g4 Kh8 16. Kh2 Ng8 17. Rg1 Qe7 18.
Rg2 Rad8 19. Na2 Bf6 20. Qd2 c5 21. dxc6 Bxc6 22. Bf3 Bb7 23. Nb4 Nc5 24. Nd5
Bxd5 25. Qxd5 Bg5 26. Qd2 Ne6 27. Re1 Bf4+ 28. Bxf4 Nxf4 29. Rg3 Nf6 30. Nc1
Nd7 31. Nd3 Nxd3 32. cxd3 Nc5 33. d4 Ne6 34. d5 Nd4 35. Bd1 Rc8 36. f4 f6 37.
f5 g5 38. Ree3 Qc7 39. Qc3 Qc5 40. Qd2 b4 41. h4 Qc1 42. Rd3 gxh4 43. Rh3 Rf7
44. Qf2 Qb1 45. Qd2 Qc1 46. Qf2 Kg8 47. Rd2 Rfc7 48. Rhd3 b3 49. Bxb3 Nxb3 50.
Rxb3 Qb1 51. Qg2 Rg7 52. Rc3 Rxc3 53. bxc3 h5 54. Rb2 Qe1 55. g5 Rxg5 56. Rb8+
Kh7 0-1